US Supermarket Chains by Private Labels - Statistics

General Stats
  • This quiz has been taken 19 times
  • The average score is 4 of 5
Answer Stats
Hint Answer % Correct
Great Value, Sam's Choice, Ozark Trail Walmart
100%
Kirkland Signature Costco
89%
Good & Gather, Market Pantry, up&up Target
79%
Smart Way, Simple Truth, Private Selection Kroger
58%
Signature Select, Overjoyed, Open Nature Albertsons
53%
No matching quizzes found
Score Distribution
Percent of People with Each Score
Percentile by Number Answered
Your Score History
You have not taken this quiz